| 000 | 00656cab a22002055a 4500 | ||
|---|---|---|---|
| 001 | L143784 | ||
| 008 | 080602e20080523xxko f 000 0 eng d | ||
| 035 | _a(Sirsi) u143784 | ||
| 041 | 0 | _aeng | |
| 100 | 1 | _aFinch, Sam | |
| 245 | 0 | 4 | _aThe pain in Spain |
| 260 | _c2008 | ||
| 490 | 0 |
_aBuilding _v274(8530) 23 May 2008, 50-52-(2) |
|
| 520 | _aReviews the collapse of the Spanish property market which has wrecked the economy. Considers whether or not the UK housing market will go the same way. | ||
| 590 | _aKA | ||
| 651 | 4 | _aSpain | |
| 651 | 4 |
_aUnited Kingdom _y |
|
| 690 | _aPROPERTY-RESIDENTIAL PROPERTY-RESIDENTIAL PROPERTY MARKET | ||
| 942 | _n0 | ||
| 999 |
_c80276 _d80276 |
||